000 00621nam a2200181Ia 4500
008 100920s9999 xx 000 0 und d
082 _b107620
_a28 व 891,43 न 07
100 _aछाबडा मोहिनी.
245 _aनानी का मुर्गा.
260 _bकिरण प्रकाशन , दिल्ली.
_c2007
300 _a20
_bसाधी
365 _b30
520 _aबा.वि.हिंदी.
630 _aनानी का मुर्गा.
650 _aबा.वि.हिंदी.
730 _aनानी का मुर्गा.
942 _cBOOK
999 _c748044
_d748041